Les marques E.Leclerc - Statistiques

Statistiques générales
  • Ce quiz a été pris 16 fois
  • Le résultat moyen est 3 sur 15
Statistiques - réponses
Hint Réponse % Correct
Pâtes Turini
57%
Jambon blanc Tradilège
50%
Fromage et beurre Les Croisés
36%
Laitages Délisse
29%
Jambon cru Saint Azay
29%
Bio Bio village
21%
Papier toilette Mimosa
21%
Produits pour bébé Mots d'enfants
21%
Légumes en sachet Notre jardin
14%
Cosmétiques Inell
7%
Café Plantation
7%
Médical Primoplast
7%
Produits internationaux Tables du monde
7%
Rayon animalier Tous mes amis
7%
Chocolat Tablette d'or
0%
Aucun quiz correspondant
Distribution des résultats
% des personnes avec chaque résultat
Percentile par nombre de réponses
Votre historique - résultats
Vous n’avez pas pris ce quiz